| 000 | 00590cab a22001695a 4500 | ||
|---|---|---|---|
| 001 | L140713 | ||
| 008 | 071008s1850 xxk 000 0 eng d | ||
| 035 | _a(Sirsi) u140713 | ||
| 041 | 0 | _aeng | |
| 245 | 0 | 0 |
_aCuriosities of roguery _bauction gangs 'established business' swindle |
| 260 | _c1850 | ||
| 490 |
_aChambers' Edinburgh Journal _v1850, 263-267(5) |
||
| 520 | _aA description of a swindle used by bidders at an auction to buy goods at a knock-down price, and then sell them on at a much higher price. | ||
| 651 | 4 |
_aUnited Kingdom _y |
|
| 690 |
_aAuctioneering _96218 |
||
| 942 | _n0 | ||
| 999 |
_c79322 _d79322 |
||